00466nam a22001577a 450000500170000000800410001702000150005804100120007308200140008510000120009924500750011125000200018626000490020630000280025565000250028320241203131150.0241203b |||||||| |||| 00| 0 eng d a0409033480 aEnglish a340.1 INT lEnglish aIntroduction to South African Law and Legal Theory /cWJ Hosten et al. aRevised Reprint aDurban:bButterworth and Company Ltd,c1980  bxv, 948 pages; c27 cm. aLegal practice bLaw